00373nam a2200133 a 45000010010000000030011000100080041000210350026000620820016000881000013001042450049001172600056001666500017002220000-9062ELIB.Books110520 1980  a(ELIB.Books)0000-9211 a225.7 bWal aWall, A. aTyndale (The First Epistle General of Peter) bGrand Rapids: Wm. B. Eerdmans Publishing Co. c1980 aCommentaries